| 000 | 00486nam a2200181 a 4500 | ||
|---|---|---|---|
| 001 | 1771681179771 | ||
| 003 | YourLibrary | ||
| 005 | 20260221191139.0 | ||
| 008 | 260221s2008##################000#0#eng## | ||
| 020 | _a9780521089708 | ||
| 082 | 0 | 4 |
_a320.947 _bWOR |
| 100 | 1 |
_aWortman, Richard, _eauthor. |
|
| 245 | 1 | 0 | _aThe Crisis of Russian Populism : |
| 260 |
_bCambridge University Press, _c2008. |
||
| 650 | 0 | _aHistory. | |
| 942 | _cENGLISH | ||
| 040 |
_aYourLibrary _beng _cYourLibrary |
||
| 999 |
_c615398 _d615398 |
||